[Event "ESP-chT CECLUB Div2"]
[Site "Linares"]
[Date "2019.08.21"]
[Round "4.2"]
[White "Reinaldo Castineira, Roi"]
[Black "Garcia Molla, Victor Manuel"]
[Result "1-0"]
[WhiteElo "2467"]
[BlackElo "2408"]
[PlyCount "81"]
[EventDate "2019.08.19"]
[EventType "team-swiss"]
[EventRounds "7"]
[EventCountry "ESP"]
[SourceTitle "EXT 2020"]
[Source "ChessBase"]
[SourceDate "2019.10.17"]
[SourceVersion "1"]
[SourceVersionDate "2019.10.17"]
[SourceQuality "1"]
[WhiteTeam "Interrias Sanx Fontecarmoa"]
[BlackTeam "Ateneo Maritimo"]
[WhiteTeamCountry "ESP"]
[BlackTeamCountry "ESP"]

1. e4 e6 2. d3 d5 3. Qe2 Nf6 4. Nf3 Be7 5. g3 b5 6. e5 Nfd7 7. Bg2 c5 8. 0-0 Nc6 9. c4 bxc4 10. dxc4 Ba6 11. Na3 0-0 12. Rd1 Qc7 13. Bf4 dxc4 14. b3 Nb6 15. bxc4 Rad8 16. Nb5 Qb8 17. Nd6 Na5 18. Bg5 Qc7 19. Bxe7 Qxe7 20. Nd2 Qc7 21. Qg4 Kh8 22. Qh4 f6 23. N2e4 Naxc4 24. Nxc4 Bxc4 25. exf6 gxf6 26. Nxf6 Bd5 27. g4 Qe7 28. g5 Bxg2 29. Kxg2 Nd5 30. Nxd5 Rxd5 31. Rxd5 exd5 32. Qg3 Qe4+ 33. Kg1 d4 34. Rc1 Qd5 35. Re1 c4 36. g6 Rg8 37. Re5 Qd7 38. Rh5 Qe7 39. Qe5+ Rg7 40. Rxh7+ Kg8 41. Qb8+ 1-0

[Event "Valencia-ch A"]
[Site "Denia"]
[Date "2019.05.04"]
[Round "1"]
[White "Silva Rodriguez, Fernando"]
[Black "Garcia Molla, Victor Manuel"]
[Result "1-0"]
[WhiteElo "2261"]
[BlackElo "2409"]
[PlyCount "53"]
[EventDate "2019.05.04"]
[EventType "tourn"]
[EventRounds "7"]
[EventCountry "ESP"]
[SourceTitle "EXT 2024"]
[Source "ChessBase"]
[SourceDate "2023.10.10"]
[SourceVersion "1"]
[SourceVersionDate "2023.10.10"]
[SourceQuality "1"]

1. e4 e6 2. d4 d5 3. Nd2 Be7 4. c3 c5 5. dxc5 Bxc5 6. Bd3 Nf6 7. Qe2 Nc6 8. Ngf3 h6 9. 0-0 0-0 10. e5 Nd7 11. Re1 f6 12. exf6 Nxf6 13. Nb3 Bb6 14. Nbd4 e5 15. Nxc6 bxc6 16. Nxe5 Ng4 17. Nxg4 Bxg4 18. Qxg4 Bxf2+ 19. Kh1 Bxe1 20. Qe6+ Kh8 21. Qxe1 Qb6 22. Be3 Qxb2 23. Rb1 Qxa2 24. Bd4 Rae8 25. Qc1 Kg8 26. Rb7 Rf7 27. Bh7+ 1-0

[Event "Manises 5th"]
[Site "Manises"]
[Date "2018.01.02"]
[Round "2"]
[White "Diaz Velandia, Jose Manuel"]
[Black "Garcia Molla, Victor Manuel"]
[Result "1-0"]
[WhiteElo "2356"]
[BlackElo "2390"]
[PlyCount "70"]
[EventDate "2018.01.02"]
[EventType "tourn"]
[EventRounds "9"]
[EventCountry "ESP"]
[SourceTitle "EXT 2024"]
[Source "ChessBase"]
[SourceDate "2023.10.10"]
[SourceVersion "1"]
[SourceVersionDate "2023.10.10"]
[SourceQuality "1"]

1. d4 Nf6 2. Nf3 e6 3. e3 c5 4. Bd3 d5 5. c3 Nc6 6. Nbd2 Bd6 7. 0-0 0-0 8. dxc5 Bxc5 9. e4 Qc7 10. Qe2 h6 11. b4 Bb6 12. Bb2 dxe4 13. Nxe4 Nd5 14. g3 Nce7 15. Rac1 Bd7 16. a3 f5 17. Ned2 Ng6 18. Bb1 Qd8 19. c4 Nf6 20. Rfe1 Bc7 21. Rcd1 Kh8 22. Nb3 b6 23. Nbd4 Re8 24. Nc6 Qc8 25. Nce5 Nxe5 26. Bxe5 Ba4 27. Rc1 Ng4 28. Bb2 e5 29. h3 Nf6 30. Nxe5 f4 31. Ng6+ Kg8 32. Ne7+ Rxe7 33. Qxe7 fxg3 34. Bxf6 gxf2+ 35. Kxf2 Qf8 1-0

[Event "ESP-chT CECLUB Div2"]
[Site "Linares"]
[Date "2017.08.11"]
[Round "6.7"]
[White "Suarez Gomez, Julio"]
[Black "Garcia Molla, Victor Manuel"]
[Result "1-0"]
[WhiteElo "2474"]
[BlackElo "2344"]
[PlyCount "77"]
[EventDate "2017.08.08"]
[EventType "team"]
[EventRounds "7"]
[EventCountry "ESP"]
[SourceTitle "CBM 179 Extra"]
[Source "ChessBase"]
[SourceDate "2017.08.23"]
[SourceVersion "1"]
[SourceVersionDate "2017.08.23"]
[SourceQuality "1"]
[WhiteTeam "Sanxenxo Fontecarmoa"]
[BlackTeam "Ateneo Maritimo"]
[WhiteTeamCountry "ESP"]
[BlackTeamCountry "ESP"]

1. d4 d5 2. c4 e6 3. Nc3 c6 4. cxd5 exd5 5. Bf4 Bf5 6. e3 Nf6 7. Nge2 Qb6 8. Qd2 Nbd7 9. Ng3 Bg6 10. Bd3 Bxd3 11. Qxd3 Qxb2 12. Rb1 Qa3 13. Rb3 Qa5 14. 0-0 Bb4 15. Rfb1 Bxc3 16. Rxc3 0-0 17. Ra3 Qd8 18. Rxb7 c5 19. Bc7 Qe7 20. Rbxa7 c4 21. Qb1 Rxa7 22. Rxa7 g6 23. h3 Qe6 24. Qb7 Re8 25. Ra6 Qe7 26. Bd6 Qd8 27. Bb4 Qc8 28. Qxc8 Rxc8 29. Ne2 Rb8 30. a3 Rb6 31. Ra8+ Kg7 32. Nc3 g5 33. Ra5 Rc6 34. Nxd5 Nxd5 35. Rxd5 Nb6 36. Rxg5+ Kf6 37. Rc5 Rxc5 38. dxc5 Nd5 39. Kf1 1-0

[Event "Mislata 45th"]
[Site "Mislata"]
[Date "2011.08.19"]
[Round "7"]
[White "Alcaraz Ortega, Javier"]
[Black "Garcia Molla, Victor Manuel"]
[Result "1/2-1/2"]
[WhiteElo "2248"]
[BlackElo "2304"]
[PlyCount "24"]
[EventDate "2011.08.15"]
[EventType "tourn"]
[EventRounds "9"]
[EventCountry "ESP"]
[EventCategory "2"]
[SourceTitle "CBM 143 Extra"]
[Source "ChessBase"]
[SourceDate "2011.08.29"]
[SourceVersion "1"]
[SourceVersionDate "2011.08.29"]
[SourceQuality "1"]

1. d4 e6 2. e4 d5 3. Nc3 Bb4 4. Nge2 Nf6 5. Bg5 dxe4 6. a3 Be7 7. Bxf6 gxf6 8. Nxe4 f5 9. N4c3 c6 10. Qd2 b6 11. g3 Bb7 12. Bg2 Nd7 1/2-1/2

[Event "Mislata 45th"]
[Site "Mislata"]
[Date "2011.08.16"]
[Round "2"]
[White "Garcia Molla, Victor Manuel"]
[Black "Garcia, Jhon"]
[Result "1-0"]
[WhiteElo "2304"]
[BlackElo "2376"]
[PlyCount "84"]
[EventDate "2011.08.15"]
[EventType "tourn"]
[EventRounds "9"]
[EventCountry "ESP"]
[EventCategory "2"]
[SourceTitle "CBM 143 Extra"]
[Source "ChessBase"]
[SourceDate "2011.08.29"]
[SourceVersion "1"]
[SourceVersionDate "2011.08.29"]
[SourceQuality "1"]

1. d4 Nf6 2. c4 g6 3. Nc3 Bg7 4. e4 d6 5. f3 0-0 6. Nge2 a6 7. Be3 c6 8. g4 b5 9. Ng3 Nbd7 10. g5 Ne8 11. Qd2 b4 12. Nd1 d5 13. cxd5 cxd5 14. e5 f6 15. gxf6 exf6 16. f4 fxe5 17. fxe5 a5 18. Nf2 Nb6 19. b3 Nc7 20. Rc1 Ne6 21. Bg2 Qh4 22. Rc6 Rb8 23. 0-0 Nf4 24. Rfc1 Bh6 25. Nd3 Ba6 26. Nxf4 Bxf4 27. Rd6 Qg5 28. Bxf4 Rxf4 29. Rf6 Rf8 30. Qxf4 Qxf4 31. Rxf4 Rxf4 32. Rc6 Rxd4 33. Rxb6 Rd1+ 34. Nf1 Bd3 35. Rd6 a4 36. bxa4 Bc4 37. a5 Kg7 38. a6 Ra1 39. a7 Rxa2 40. Rd7+ Kh6 41. e6 b3 42. e7 Bb5 1-0

[Event "Mislata 45th"]
[Site "Mislata"]
[Date "2011.08.16"]
[Round "3"]
[White "Kovacevic, Slobodan"]
[Black "Garcia Molla, Victor Manuel"]
[Result "1/2-1/2"]
[WhiteElo "2325"]
[BlackElo "2304"]
[PlyCount "39"]
[EventDate "2011.08.15"]
[EventType "tourn"]
[EventRounds "9"]
[EventCountry "ESP"]
[EventCategory "2"]
[SourceTitle "CBM 143 Extra"]
[Source "ChessBase"]
[SourceDate "2011.08.29"]
[SourceVersion "1"]
[SourceVersionDate "2011.08.29"]
[SourceQuality "1"]

1. d4 Nf6 2. Nf3 e6 3. Bg5 h6 4. Bh4 c5 5. e3 Qb6 6. Bxf6 gxf6 7. Qc1 cxd4 8. exd4 Nc6 9. c3 d5 10. Qc2 Bd7 11. Nbd2 Rc8 12. Qb3 Qc7 13. a4 Bd6 14. Be2 h5 15. 0-0 Bf4 16. h3 Rg8 17. Kh1 a6 18. Rfe1 Ne7 19. Qd1 Kf8 20. Nb3 1/2-1/2

[Event "Mislata op 43rd"]
[Site "Mislata"]
[Date "2009.08.28"]
[Round "6"]
[White "Garcia Molla, Victor Manuel"]
[Black "Spassov, Liuben"]
[Result "1-0"]
[WhiteElo "2328"]
[BlackElo "2427"]
[PlyCount "135"]
[EventDate "2009.08.24"]
[EventType "swiss"]
[EventRounds "9"]
[EventCountry "ESP"]
[SourceTitle "CBM 131 Extra"]
[Source "ChessBase"]
[SourceDate "2009.09.03"]
[SourceVersion "2"]
[SourceVersionDate "2009.09.16"]
[SourceQuality "1"]

1. d4 Nf6 2. c4 e6 3. Nc3 Bb4 4. e3 0-0 5. Bd3 d5 6. a3 Bxc3+ 7. bxc3 dxc4 8. Bxc4 c5 9. Ne2 Qc7 10. Ba2 Rd8 11. 0-0 e5 12. Bb2 Nc6 13. Qc2 Ne7 14. dxe5 Qxe5 15. c4 Qg5 16. Ng3 Bd7 17. Rad1 Bc6 18. Bb1 Ng6 19. f4 Qg4 20. Bxf6 gxf6 21. Nf5 Kf8 22. h3 Qh5 23. Rxd8+ Rxd8 24. Kh2 Ne7 25. g4 Qg6 26. Rd1 Re8 27. Qf2 Nxf5 28. Bxf5 Qg7 29. e4 b6 30. Qf3 Kg8 31. Rd6 Ba8 32. Qd3 h5 33. Rd8 Qf8 34. Rxe8 Qxe8 35. gxh5 Kg7 36. Qd6 Qh8 37. e5 Qh6 38. exf6+ Qxf6 39. Qxf6+ Kxf6 40. h6 Bc6 41. Bc2 a6 42. Kg3 b5 43. cxb5 axb5 44. Kf2 b4 45. axb4 cxb4 46. Ke3 Bd5 47. Bb1 b3 48. Kd2 Bg2 49. h4 Bf3 50. Kc3 Bd5 51. f5 Be6 52. fxe6 fxe6 53. Kxb3 Kf7 54. Bh7 Kf6 55. Kc3 Kf7 56. Kd4 Kf6 57. Kc5 Ke7 58. Kc6 Kf6 59. Kd6 Kf7 60. Ke5 Ke7 61. Kf4 Kf6 62. Kg4 Ke7 63. Bg8 Kf6 64. Kh5 e5 65. Bd5 e4 66. Bxe4 Kf7 67. Bd5+ Kf6 68. Ba2 1-0

[Event "Mislata op 43rd"]
[Site "Mislata"]
[Date "2009.08.27"]
[Round "5"]
[White "Schalk, Martin"]
[Black "Garcia Molla, Victor Manuel"]
[Result "0-1"]
[WhiteElo "2102"]
[BlackElo "2328"]
[PlyCount "84"]
[EventDate "2009.08.24"]
[EventType "swiss"]
[EventRounds "9"]
[EventCountry "ESP"]
[SourceTitle "CBM 131 Extra"]
[Source "ChessBase"]
[SourceDate "2009.09.03"]
[SourceVersion "2"]
[SourceVersionDate "2009.09.16"]
[SourceQuality "1"]

1. e4 c5 2. Nf3 e6 3. Qe2 Nc6 4. g3 g6 5. Bg2 Bg7 6. d3 Nge7 7. c3 d6 8. 0-0 0-0 9. Re1 b6 10. Nbd2 Ba6 11. Nf1 Ne5 12. Rd1 N7c6 13. h4 h6 14. Be3 Nxf3+ 15. Bxf3 Rc8 16. Nh2 d5 17. exd5 exd5 18. Qd2 Kh7 19. Bf4 b5 20. Bg4 f5 21. Be2 d4 22. c4 bxc4 23. dxc4 Qf6 24. Rac1 Rcd8 25. Nf3 Bb7 26. a3 a5 27. Ne1 Ne5 28. Bxe5 Qxe5 29. Bf3 Be4 30. Qe2 Rfe8 31. Kg2 Qd6 32. Kh2 a4 33. Qd2 d3 34. Bg2 f4 35. f3 fxg3+ 36. Kh1 Bf5 37. Bf1 Qe7 38. Ng2 Qb7 39. h5 Qxf3 40. hxg6+ Bxg6 41. Qf4 Qxf4 42. Nxf4 d2 0-1

[Event "Valencia-chT Honor"]
[Site "Valencia"]
[Date "2009.02.07"]
[Round "5.1"]
[White "Garcia Molla, Victor Manuel"]
[Black "Movsziszian, Karen"]
[Result "0-1"]
[WhiteElo "2332"]
[BlackElo "2564"]
[PlyCount "74"]
[EventDate "2009.01.10"]
[EventType "team"]
[EventRounds "5"]
[EventCountry "ESP"]
[SourceTitle "EXT 2010"]
[Source "ChessBase"]
[SourceDate "2010.11.25"]
[SourceVersion "1"]
[SourceVersionDate "2010.11.25"]
[SourceQuality "1"]
[WhiteTeam "Ateneo Maritimo"]
[BlackTeam "Alfas del Pi"]
[WhiteTeamCountry "ESP"]
[BlackTeamCountry "ESP"]

1. d4 d6 2. e4 Nf6 3. f3 Nbd7 4. c4 e5 5. d5 Be7 6. Be3 Nh5 7. g3 Bg5 8. Bf2 g6 9. h4 Bh6 10. Bd3 0-0 11. g4 Nf4 12. g5 Bg7 13. Nc3 f6 14. gxf6 Nxf6 15. Bf1 N6h5 16. Qd2 Bh6 17. Be3 c5 18. 0-0-0 a6 19. Rh2 Bd7 20. Nh3 b5 21. Nf2 Rb8 22. Ng4 Bg7 23. Nb1 Ng3 24. Qe1 Nxf1 25. Qxf1 h5 26. Nf2 bxc4 27. Nc3 Qa5 28. Qxc4 Rb4 29. Qf1 Rxb2 30. Kxb2 Rb8+ 31. Kc2 Ba4+ 32. Kd2 Rb2+ 33. Ke1 Qxc3+ 34. Bd2 Rxd2 35. Rxd2 Qe3+ 36. Re2 Qc1+ 37. Nd1 Nd3# 0-1

[Event "Valencia-chT Honor"]
[Site "Valencia"]
[Date "2009.01.31"]
[Round "4.1"]
[White "Alvarez Ibarra, Rafael"]
[Black "Garcia Molla, Victor Manuel"]
[Result "1/2-1/2"]
[WhiteElo "2377"]
[BlackElo "2332"]
[PlyCount "34"]
[EventDate "2009.01.10"]
[EventType "team"]
[EventRounds "5"]
[EventCountry "ESP"]
[SourceTitle "EXT 2010"]
[Source "ChessBase"]
[SourceDate "2010.11.25"]
[SourceVersion "1"]
[SourceVersionDate "2010.11.25"]
[SourceQuality "1"]
[WhiteTeam "Castellon"]
[BlackTeam "Ateneo Maritimo"]
[WhiteTeamCountry "ESP"]
[BlackTeamCountry "ESP"]

1. c4 Nf6 2. Nc3 e6 3. Nf3 d5 4. d4 Bb4 5. Bg5 Nbd7 6. cxd5 exd5 7. Qa4 c5 8. dxc5 Bxc3+ 9. bxc3 0-0 10. Qb4 Re8 11. e3 h6 12. Bxf6 Qxf6 13. Rd1 Re4 14. Rd4 Qe7 15. Nd2 Re5 16. Nf3 Re4 17. Nd2 Re5 1/2-1/2

[Event "ESP-chT Gp1"]
[Site "Burguillos"]
[Date "2008.08.14"]
[Round "2"]
[White "Garcia Molla, Victor Manuel"]
[Black "Vega Gutierrez, Sabrina Neide"]
[Result "1-0"]
[WhiteElo "2301"]
[BlackElo "2281"]
[PlyCount "104"]
[EventDate "2008.08.13"]
[EventType "team"]
[EventRounds "6"]
[EventCountry "ESP"]
[SourceTitle "CBM 126 Extra"]
[Source "ChessBase"]
[SourceDate "2008.11.05"]
[SourceVersion "1"]
[SourceVersionDate "2008.11.05"]
[SourceQuality "1"]

1. d4 d6 2. e4 Nf6 3. f3 c5 4. d5 e6 5. c4 exd5 6. cxd5 g6 7. Ne2 Bg7 8. Ng3 h5 9. Be2 h4 10. Nf1 Nh5 11. Nc3 Be5 12. Be3 Nf4 13. Bb5+ Nd7 14. Qd2 Qf6 15. Rg1 a6 16. Be2 h3 17. g3 Ng2+ 18. Kd1 b5 19. f4 Bd4 20. Bf3 Nb6 21. Bxd4 cxd4 22. Ne2 Ne3+ 23. Nxe3 dxe3 24. Qd4 Qxd4+ 25. Nxd4 0-0 26. g4 Re8 27. Ke2 Bb7 28. Rge1 Na4 29. Kxe3 Nxb2 30. Reb1 Na4 31. Kd2 Rac8 32. Rc1 b4 33. Rxc8 Rxc8 34. Rc1 Nc5 35. Nb3 Nxb3+ 36. axb3 Rxc1 37. Kxc1 Kf8 38. Kd2 Ke7 39. Ke3 a5 40. Be2 Bc8 41. g5 Bd7 42. Kd4 Bc8 43. e5 Bf5 44. Bd3 Bg4 45. Kc4 Bd1 46. Be4 Be2+ 47. Bd3 Bf3 48. e6 Bg4 49. exf7 Kxf7 50. Kb5 Bf3 51. Bc4 Be4 52. Kxa5 Ke7 1-0

[Event "ESP-chT Gp1"]
[Site "Burguillos"]
[Date "2008.08.13"]
[Round "1"]
[White "Garcia Molla, Victor Manuel"]
[Black "Borisek, Jure"]
[Result "0-1"]
[WhiteElo "2301"]
[BlackElo "2537"]
[PlyCount "90"]
[EventDate "2008.08.13"]
[EventType "team"]
[EventRounds "6"]
[EventCountry "ESP"]
[SourceTitle "CBM 126 Extra"]
[Source "ChessBase"]
[SourceDate "2008.11.05"]
[SourceVersion "1"]
[SourceVersionDate "2008.11.05"]
[SourceQuality "1"]

1. d4 Nf6 2. c4 g6 3. Nc3 d5 4. Nf3 Bg7 5. e3 0-0 6. cxd5 Nxd5 7. Bc4 Nxc3 8. bxc3 c5 9. 0-0 Qc7 10. Qe2 Bg4 11. Ba3 Nd7 12. Rac1 Nb6 13. Bd3 c4 14. Be4 f5 15. Bb1 Nd5 16. h3 Bh5 17. Qb2 Bxf3 18. gxf3 Rf6 19. Qe2 Rc8 20. Rc2 e5 21. Bc5 exd4 22. Bxd4 Re6 23. Qd2 Rd8 24. Rd1 Ne7 25. a4 a6 26. Ba2 b5 27. axb5 axb5 28. Rb2 Qa5 29. Rdb1 Ra6 30. Ra1 Kf8 31. Rbb1 Qb6 32. Rxb5 Qxb5 33. Bxg7+ Ke8 34. Qe2 Rda8 35. Kg2 Qc5 36. Bd4 Qc7 37. e4 f4 38. Qb2 Rb8 39. Qe2 Rba8 40. Qb2 Qc6 41. Qe2 Kf8 42. Qb2 Ra5 43. Qb4 Rb5 44. Qxc4 Qxc4 45. Bxc4 Rg5+ 0-1

[Event "Valencia Autonomico-A"]
[Site "Valencia"]
[Date "2004.01.31"]
[Round "3.2"]
[White "Mullor Gomez, Luis"]
[Black "Garcia Molla, Victor Manuel"]
[Result "0-1"]
[WhiteElo "2354"]
[BlackElo "2259"]
[PlyCount "56"]
[EventDate "2004.01.17"]
[EventType "team"]
[EventRounds "4"]
[EventCountry "ESP"]
[SourceTitle "CBM 098 Extra"]
[Source "ChessBase"]
[SourceDate "2004.03.10"]
[SourceVersion "2"]
[SourceVersionDate "2004.03.10"]
[SourceQuality "1"]

1. e4 e6 2. d4 d5 3. exd5 exd5 4. Nf3 Bd6 5. c4 Nf6 6. Nc3 0-0 7. cxd5 Nbd7 8. Qb3 Nb6 9. Bg5 Qe8+ 10. Be2 Ne4 11. Be3 f5 12. Ng5 Nxg5 13. Bxg5 f4 14. Bh4 Qg6 15. f3 Bf5 16. 0-0-0 a5 17. a4 Kh8 18. Rhg1 Bb4 19. g4 Bd7 20. Bb5 Bxc3 21. bxc3 Bxb5 22. Qxb5 Qd6 23. Rge1 Nxd5 24. Qc5 Ne3 25. Rd2 Qd7 26. Bf2 Qxa4 27. Bxe3 Qa1+ 28. Kc2 Qxe1 0-1

[Event "Benidorm op"]
[Site "Benidorm"]
[Date "1993.??.??"]
[Round "2"]
[White "Garcia Molla, Victor Manuel"]
[Black "Ulybin, Mikhail"]
[Result "0-1"]
[WhiteElo "2265"]
[BlackElo "2565"]
[PlyCount "86"]
[EventDate "1993.??.??"]
[EventType "swiss"]
[EventRounds "9"]
[EventCountry "ESP"]
[SourceTitle "EXT 1997"]
[Source "ChessBase"]
[SourceDate "1996.11.15"]
[SourceVersion "1"]
[SourceVersionDate "1996.11.15"]
[SourceQuality "1"]

1. d4 e6 2. e4 d5 3. e5 c5 4. c3 Nc6 5. Nf3 Bd7 6. a3 f6 7. Bd3 Qc7 8. Bf4 c4 9. Bc2 0-0-0 10. Nbd2 Nge7 11. Bg3 Qb6 12. Rb1 Nf5 13. Bxf5 exf5 14. h4 f4 15. Bxf4 Bf5 16. 0-0 Be7 17. b4 Bxb1 18. Qxb1 g6 19. exf6 Bxf6 20. Re1 Rde8 21. Nf1 Qd8 22. Ne3 Re4 23. Bg5 Bxg5 24. Nxg5 Re7 25. b5 Nb8 26. Nf3 Qd6 27. Qb4 Rd8 28. Ne5 Qxb4 29. axb4 Rd6 30. Ra1 a6 31. bxa6 Nxa6 32. f4 Nc7 33. f5 Re8 34. g4 gxf5 35. Nxf5 Rf6 36. h5 Rd8 37. Kg2 Nb5 38. Rf1 Kc7 39. Rf3 Ra8 40. g5 Rg8 41. g6 hxg6 42. Ne7 Rxf3 43. Nxg8 Rf8 0-1

[Event "Andorra op 7th"]
[Site "Andorra"]
[Date "1989.??.??"]
[Round "4"]
[White "Garcia Molla, Victor Manuel"]
[Black "Kuczynski, Robert"]
[Result "0-1"]
[WhiteElo "2315"]
[BlackElo "2450"]
[PlyCount "80"]
[EventDate "1989.??.??"]
[EventType "swiss"]
[EventRounds "9"]
[EventCountry "AND"]
[SourceTitle "EXT 2002"]
[Source "ChessBase"]
[SourceDate "2001.11.25"]
[SourceVersion "1"]
[SourceVersionDate "2001.11.25"]
[SourceQuality "1"]

1. d4 f5 2. Nc3 Nf6 3. Bg5 Ne4 4. Nxe4 fxe4 5. f3 c5 6. d5 Qb6 7. fxe4 Qxb2 8. Nf3 g6 9. Rb1 Qc3+ 10. Qd2 Bg7 11. Qxc3 Bxc3+ 12. Kd1 d6 13. e5 Bxe5 14. Nxe5 dxe5 15. e4 b6 16. Bh6 Rg8 17. Bb5+ Kd8 18. Rf1 Ba6 19. Bxa6 Nxa6 20. Rf7 Kd7 21. Kd2 Nc7 22. c4 g5 23. Rbf1 b5 24. R1f5 Rae8 25. Rxe5 Kd6 26. Ref5 bxc4 27. Bxg5 Nb5 28. Rxh7 Nd4 29. Bf4+ Kd7 30. Rg5 Rgf8 31. Bg3 Rf1 32. e5 Ra1 33. e6+ Kc8 34. Kc3 Rc1+ 35. Kb2 Rc2+ 36. Kb1 c3 37. Re5 Rb2+ 38. Kc1 Rxa2 39. Kb1 Rb2+ 40. Kc1 Nb3+ 0-1